<?xml version='1.0' encoding='UTF-8'?>
  <record xmlns="http://www.loc.gov/MARC21/slim">
    <leader>00000cam a2200000 i 4500</leader>
    <controlfield tag="001">on1099071024</controlfield>
    <controlfield tag="003">OCoLC</controlfield>
    <controlfield tag="005">20250822055645.1</controlfield>
    <controlfield tag="008">800611s1500    fr            001 0 lat d</controlfield>
    <datafield tag="040" ind1=" " ind2=" ">
      <subfield code="a">BRL</subfield>
      <subfield code="b">eng</subfield>
      <subfield code="e">rda</subfield>
      <subfield code="e">dcrmr</subfield>
      <subfield code="c">BRL</subfield>
      <subfield code="d">OCLCQ</subfield>
      <subfield code="d">OCLCL</subfield>
      <subfield code="d">OCLCQ</subfield>
      <subfield code="d">QGJ</subfield>
    </datafield>
    <datafield tag="035" ind1=" " ind2=" ">
      <subfield code="a">(OCoLC)1099071024</subfield>
    </datafield>
    <datafield tag="100" ind1="1" ind2=" ">
      <subfield code="a">Lochmaier, Michael,</subfield>
      <subfield code="d">active 15th century,</subfield>
      <subfield code="e">author.</subfield>
      <subfield code="4">aut</subfield>
      <subfield code="1">https://id.oclc.org/worldcat/entity/E39PBJppwVkhbRpHTPhGdbQ8YP</subfield>
    </datafield>
    <datafield tag="240" ind1="1" ind2="0">
      <subfield code="a">Sermones de sanctis</subfield>
    </datafield>
    <datafield tag="245" ind1="1" ind2="0">
      <subfield code="a">Celeberrimi sacre theologie necno[n] iurispontificij doctoris: et artium magistri. ac ecclesie Patauien[sis]. Canonici d[omi]ni Michaelis lochmair sermones de sanctis perutiles: cum vigintitribus sermonibus magistri Pauli wann annexis feliciter incipiunt.</subfield>
    </datafield>
    <datafield tag="246" ind1="1" ind2=" ">
      <subfield code="i">Title according to ISTC:</subfield>
      <subfield code="a">Sermones de sanctis</subfield>
    </datafield>
    <datafield tag="246" ind1="1" ind2=" ">
      <subfield code="i">Title according to IDL:</subfield>
      <subfield code="a">Sermones de sanctis cum Pauli Wann Sermonibus XXIII</subfield>
    </datafield>
    <datafield tag="264" ind1=" " ind2="1">
      <subfield code="a">Hagenaw :</subfield>
      <subfield code="b">Expensis ... Johannis Rynman :</subfield>
      <subfield code="b">Impressiq[ue] ... per Henricu[m] Gran,</subfield>
      <subfield code="c">.xxiiij. die mensis Martij. Anno salutis post Millesimu[m] quingentesimum. [24 March 1500]</subfield>
    </datafield>
    <datafield tag="300" ind1=" " ind2=" ">
      <subfield code="a">[252] leaves ;</subfield>
      <subfield code="c">28 cm (folio)</subfield>
    </datafield>
    <datafield tag="336" ind1=" " ind2=" ">
      <subfield code="a">text</subfield>
      <subfield code="b">txt</subfield>
      <subfield code="2">rdacontent</subfield>
    </datafield>
    <datafield tag="337" ind1=" " ind2=" ">
      <subfield code="a">unmediated</subfield>
      <subfield code="b">n</subfield>
      <subfield code="2">rdamedia</subfield>
    </datafield>
    <datafield tag="338" ind1=" " ind2=" ">
      <subfield code="a">volume</subfield>
      <subfield code="b">nc</subfield>
      <subfield code="2">rdacarrier</subfield>
    </datafield>
    <datafield tag="340" ind1=" " ind2=" ">
      <subfield code="m">folio</subfield>
      <subfield code="2">rdabf</subfield>
    </datafield>
    <datafield tag="340" ind1=" " ind2=" ">
      <subfield code="k">2 columns</subfield>
    </datafield>
    <datafield tag="500" ind1=" " ind2=" ">
      <subfield code="a">Title from title page (leaf a1 recto).</subfield>
    </datafield>
    <datafield tag="500" ind1=" " ind2=" ">
      <subfield code="a">Publication statement from colophon (leaf I7 verso), which reads: Sermones perutiles de sanctis per circulum anni eximij doctoris: ac ecclesie Patauien[sis]. Canonici d[omi]ni Michaelis Lochmayr, cum vigintitrib[us] sermonibus magistri Pauli Wann annexis. Expensis prouidi viri Johannis Rynman: diligenter reuisi &amp; emendati. Impressiq[ue] in imperiali oppido Hagenaw per Henricu[m] Gran finiunt feliciter .xxiiij. die mensis Martij. Anno salutis post Millesimu[m] quingentesimum.</subfield>
    </datafield>
    <datafield tag="500" ind1=" " ind2=" ">
      <subfield code="a">Includes table of contents (leaf a2 recto-a3 recto) and index (leaf a3 recto-b6 recto), with first line (leaf a2 recto): Continentia sermonum de sanctis huius libri cum thematib[us] ip[s]o[rum] indicans quo[modo] quis in p[rom]pto reperiat sermonem volitum. t head of page: Tabula</subfield>
    </datafield>
    <datafield tag="500" ind1=" " ind2=" ">
      <subfield code="a">Incipit main work (leaf ²a1 recto): Sermones perutiles de sanctis per circulu[m] anno eximij doctoris ac Patauiensis canonici d[omi]ni Michaelis lochmair c[um] vigintitrib[us] sermonib[us] magistri Pauli wann annexis feliciter incipiunt.</subfield>
    </datafield>
    <datafield tag="500" ind1=" " ind2=" ">
      <subfield code="a">Text printed in two columns.</subfield>
    </datafield>
    <datafield tag="500" ind1=" " ind2=" ">
      <subfield code="a">Capital spaces mostly with guide letters.</subfield>
    </datafield>
    <datafield tag="500" ind1=" " ind2=" ">
      <subfield code="a">Signatures: a-b⁶ ²a-²b⁸ c⁶ d-e⁸ f⁶ g-l⁸ m-n⁶ o-r⁸ s⁶ t-v⁸ x⁶ y-z⁸ A⁶ B-C⁸ D⁶ E-I⁸; a1v, b6v, and I8 are blank.</subfield>
    </datafield>
    <datafield tag="510" ind1="4" ind2=" ">
      <subfield code="a">Incunabula Short Title Catalogue,</subfield>
      <subfield code="c">il00272000</subfield>
      <subfield code="u">https://data.cerl.org/istc/il00272000</subfield>
    </datafield>
    <datafield tag="510" ind1="4" ind2=" ">
      <subfield code="a">Gesamtkatalog der Wiegendrucke,</subfield>
      <subfield code="c">M18675</subfield>
      <subfield code="u">https://www.gesamtkatalogderwiegendrucke.de/docs/M18675.htm</subfield>
    </datafield>
    <datafield tag="510" ind1="4" ind2=" ">
      <subfield code="a">Incunabula in Dutch Libraries,</subfield>
      <subfield code="c">2984</subfield>
    </datafield>
    <datafield tag="510" ind1="4" ind2=" ">
      <subfield code="a">Bayerische Staatsbibliothek Inkunabelkatalog,</subfield>
      <subfield code="c">L-218</subfield>
      <subfield code="u">https://inkunabeln.digitale-sammlungen.de/Ausgabe_L-218.html</subfield>
    </datafield>
    <datafield tag="610" ind1="2" ind2="0">
      <subfield code="a">Catholic Church</subfield>
      <subfield code="x">Sermons</subfield>
      <subfield code="v">Early works to 1800.</subfield>
    </datafield>
    <datafield tag="650" ind1=" " ind2="0">
      <subfield code="a">Saints</subfield>
      <subfield code="v">Sermons</subfield>
      <subfield code="v">Early works to 1800.</subfield>
    </datafield>
    <datafield tag="650" ind1=" " ind2="0">
      <subfield code="a">Sermons, Latin</subfield>
      <subfield code="v">Early works to 1800.</subfield>
    </datafield>
    <datafield tag="650" ind1=" " ind2="0">
      <subfield code="a">Exempla</subfield>
      <subfield code="v">Early works to 1800.</subfield>
    </datafield>
    <datafield tag="650" ind1=" " ind2="6">
      <subfield code="a">Saints</subfield>
      <subfield code="v">Sermons</subfield>
      <subfield code="v">Ouvrages avant 1800.</subfield>
    </datafield>
    <datafield tag="650" ind1=" " ind2="6">
      <subfield code="a">Sermons latins</subfield>
      <subfield code="v">Ouvrages avant 1800.</subfield>
    </datafield>
    <datafield tag="650" ind1=" " ind2="6">
      <subfield code="a">Exempla</subfield>
      <subfield code="v">Ouvrages avant 1800.</subfield>
    </datafield>
    <datafield tag="610" ind1="2" ind2="7">
      <subfield code="a">Catholic Church</subfield>
      <subfield code="2">fast</subfield>
    </datafield>
    <datafield tag="650" ind1=" " ind2="7">
      <subfield code="a">Exempla</subfield>
      <subfield code="2">fast</subfield>
    </datafield>
    <datafield tag="650" ind1=" " ind2="7">
      <subfield code="a">Saints</subfield>
      <subfield code="2">fast</subfield>
    </datafield>
    <datafield tag="650" ind1=" " ind2="7">
      <subfield code="a">Sermons</subfield>
      <subfield code="2">fast</subfield>
    </datafield>
    <datafield tag="650" ind1=" " ind2="7">
      <subfield code="a">Sermons, Latin</subfield>
      <subfield code="2">fast</subfield>
    </datafield>
    <datafield tag="655" ind1=" " ind2="7">
      <subfield code="a">incunabula (books)</subfield>
      <subfield code="2">aat</subfield>
    </datafield>
    <datafield tag="655" ind1=" " ind2="7">
      <subfield code="a">Early works</subfield>
      <subfield code="2">fast</subfield>
    </datafield>
    <datafield tag="655" ind1=" " ind2="7">
      <subfield code="a">Sermons</subfield>
      <subfield code="2">fast</subfield>
    </datafield>
    <datafield tag="655" ind1=" " ind2="7">
      <subfield code="a">Incunabula.</subfield>
      <subfield code="2">lcgft</subfield>
    </datafield>
    <datafield tag="655" ind1=" " ind2="7">
      <subfield code="a">Incunables.</subfield>
      <subfield code="2">rvmgf</subfield>
    </datafield>
    <datafield tag="700" ind1="1" ind2=" ">
      <subfield code="a">Wann, Paul,</subfield>
      <subfield code="d">approximately 1420-1489,</subfield>
      <subfield code="e">author.</subfield>
      <subfield code="4">aut</subfield>
      <subfield code="1">https://id.oclc.org/worldcat/entity/E39PBJdmhhRgy7HHqQHmcHvWDq</subfield>
    </datafield>
    <datafield tag="700" ind1="1" ind2=" ">
      <subfield code="a">Gran, Henri,</subfield>
      <subfield code="d">-1527,</subfield>
      <subfield code="e">printer.</subfield>
      <subfield code="4">prt</subfield>
      <subfield code="1">https://id.oclc.org/worldcat/entity/E39PBJhCG3Gv39wfxD8cqfckjC</subfield>
    </datafield>
    <datafield tag="700" ind1="1" ind2=" ">
      <subfield code="a">Rynman, Johann,</subfield>
      <subfield code="d">active 1497-1522,</subfield>
      <subfield code="e">publisher.</subfield>
      <subfield code="4">pbl</subfield>
      <subfield code="1">https://id.oclc.org/worldcat/entity/E39PBJwHg7DFmHFDVMvr4cGrbd</subfield>
    </datafield>
    <datafield tag="752" ind1=" " ind2=" ">
      <subfield code="a">France</subfield>
      <subfield code="d">Haguenau,</subfield>
      <subfield code="e">publication place.</subfield>
      <subfield code="4">pup</subfield>
    </datafield>
    <datafield tag="758" ind1=" " ind2=" ">
      <subfield code="i">has work:</subfield>
      <subfield code="a">Sermones de sanctis (Text)</subfield>
      <subfield code="1">https://id.oclc.org/worldcat/entity/E39PCGdXfRCrjMRMWqTk4mTMbm</subfield>
      <subfield code="4">https://id.oclc.org/worldcat/ontology/hasWork</subfield>
    </datafield>
    <datafield tag="936" ind1=" " ind2=" ">
      <subfield code="a">BATCHLOAD</subfield>
    </datafield>
  </record>